| 000 | 01118cam a22003017a 4500 | ||
|---|---|---|---|
| 003 | CHAP | ||
| 005 | 20220329134433.0 | ||
| 008 | 971013s1964 r 00010 d | ||
| 010 | _a20492 | ||
| 011 | _a21464 | ||
| 035 | _a25554 | ||
| 040 | _cCHAP | ||
| 090 | _aFolleto 301 | ||
| 100 | 0 | 0 |
_aArguelles A., Fernando. _97004 |
| 245 | 0 | _aComparación del uso de un analizador de redes miniaturizado y de una computadora 1620 en estudios de flujo de potencia en redes eléctricas | |
| 260 |
_a(Zacatenco, D.F.) : _bCentro Nacional de Cálculo, _c1964 |
||
| 300 | _a6 p | ||
| 590 |
_aBATCH-UPD _b10 _c20130110 _lUCH01 _h2032 |
||
| 590 |
_aBATCH-UPD _b10 _c20130410 _lUCH01 _h1348 |
||
| 590 |
_aBATCH-UPD _b10 _c20130914 _lUCH01 _h0816 |
||
| 590 |
_aCONVERSION _b10 _c20130109 _lUCH01 _h1312 |
||
| 650 | 1 | 4 |
_aCalculadoras electrónicas. _917344 |
| 650 | 1 | 4 |
_aIBM 1920 (Computadoras) _957224 |
| 711 | 0 |
_aCongreso Latinoamericano sobre la Computación Electrónica en la Enseñanza Profesional _n(1 : _d1964 : _cMéxico, D.F.) _926832 |
|
| 901 | _aBK | ||
| 942 | _cFOLL | ||
| 949 |
_aFolleto 301 _bBC _cFOLL _d-58901 _eTS1 _i25554 _si |
||
| 999 |
_c20492 _d20492 |
||